000 00550nam a22001817a 4500
999 _c4802
_d4802
003 GBCCL
005 20241126110527.0
008 180207b ||||| |||| 00| 0 eng d
040 _cgbc
082 _a305.4095417
_bDEV
100 _aDevi, R K Helen
_98762
245 _aWomen and socio political movements in recent past and present Manipur
260 _aNew Delhi :
_bSunmarg publishers,
_c2012
300 _a184p. ;
650 _aWomen
_vsocial movements
_zMnaipur
_98763
650 _aWomen
_vpolitical movements
_zManipur
_98764
942 _2ddc
_cBK
_01